| 000 | 01446cam a22003857a 4500 | ||
|---|---|---|---|
| 003 | CHAP | ||
| 005 | 20220817043454.0 | ||
| 008 | 980924d1998 mx a r 00110 spa d | ||
| 010 | _a76205 | ||
| 011 | _a77177 | ||
| 035 | _a86780 | ||
| 040 | _cCHAP | ||
| 090 | _aTesis | ||
| 100 | 0 | 0 |
_aHermoso Santamaría, Luz María. _953757 |
| 245 | 1 | 3 |
_aLa ley agrícola de Estados Unidos (Farm bill) 1996-2002 y su relación con el sector agrícola de México en el marco del TLC _c/por Luz María Hermoso Santamaría |
| 260 |
_aMontecillo, Méx. : _bEl autor, _c1998. |
||
| 300 |
_a55 h. : _bilus. ; gráfs. |
||
| 502 | _aTesis (M.C. Esp. en Desarrollo Rural) -- Colegio de Postgraduados. Instituto de Socioeconomía, Estadística e Informática | ||
| 590 |
_aALEPH _b10 _c20130110 _lUCH01 _h1425 |
||
| 590 |
_aBATCH-UPD _b10 _c20130110 _lUCH01 _h0644 |
||
| 590 |
_aBATCH-UPD _b10 _c20130111 _lUCH01 _h0043 |
||
| 590 |
_aBATCH-UPD _b10 _c20130410 _lUCH01 _h0328 |
||
| 590 |
_aBATCH-UPD _b10 _c20130913 _lUCH01 _h2110 |
||
| 590 |
_aCONVERSION _b10 _c20130109 _lUCH01 _h1342 |
||
| 650 | 0 | 4 |
_aMéxico _xComercio _zE.U.A. |
| 650 | 1 | 4 |
_aAgricultura _xLeyes _xE.U.A. _91724 |
| 650 | 1 | 4 |
_aAlgodon _xExportacion. _94012 |
| 650 | 1 | 4 |
_aGATT. _947278 |
| 650 | 1 | 4 |
_aTomate _xExportación. _9113718 |
| 650 | 1 | 4 | _aTratado Trilateral de Libre Comercio. |
| 901 | _aBK | ||
| 905 | _aAlejandra Carrasco M. | ||
| 942 | _cTESIS | ||
| 949 |
_bBC _cTES _d867801 _eTS1 _h32872 _i86780 _sb |
||
| 999 |
_c76205 _d76205 |
||